Memento social 2009

Gorde:
Xehetasun bibliografikoak
Egile nagusia: Lefebvre, Francis (Egilea)
Formatua: Liburua
Hizkuntza:gaztelania
Argitaratua: Madrid Francis Lefebvre 2009
Gaiak:
Etiketak: Etiketa erantsi
Etiketarik gabe, Izan zaitez lehena erregistro honi etiketa jartzen!

MARC

LEADER 00000nam a2200000 a 4500
001 UCH4822
003 CL-VaPUC
008 090903e20090000SP |||||||||||||||||spa|d
082 0 4 |a 344.01  |b LEF  |2 21 
100 |a Lefebvre, Francis  |e author  |9 540769 
245 1 0 |a Memento social 2009 
942 |c BK 
945 |d 20090903 00:00:00  |a dcastane 
260 |a Madrid  |b Francis Lefebvre  |c 2009 
650 0 |a Fuentes del derecho   |9 255162 
650 7 |a LEYES LABORALES  |2 CL-VaPUC  |9 519233 
650 0 |a Legislación laboral  |9 320826 
650 7 |a JURIDICO SOCIAL  |2 CL-VaPUC  |9 540770 
650 7 |a JURIDICO LABORAL  |2 CL-VaPUC  |9 540771 
583 |a last modification  |c 20090903 00:00:00  |k Rodrigo Vera 
999 |c 336080  |d 336078 
952 |0 0  |1 0  |4 0  |6 344_010000000000000_LEF_2009  |7 0  |8 A  |9 426975  |a BIBDER  |b BIBDER  |d 2019-11-22  |h pd  |i 4588495  |o 344.01 LEF 2009  |p 4588495  |r 2023-01-25  |w 2019-11-22  |y BK  |k DER